Statistics for Marvel Cinematic Universe - Movies Directors Names

Click here to take the quiz!

General Stats

  • This quiz has been taken 27 times
  • The average score is 18 of 24

Answer Stats

MovieDirector% Correct
Captain America: Civil WarAnthony and Joe Russo
96%
Captain America: The Winter SoldierAnthony and Joe Russo
96%
Guardians of the Galaxy Vol. 2James Gunn
96%
Guardians of the GalaxyJames Gunn
96%
Iron ManJon Favreau
96%
Marvel's The AvengersJoss Whedon
96%
Avengers: Age of UltronJoss Whedon
96%
Avengers: Infinity WarAnthony and Joe Russo
92%
Avengers (untitled, release in 2019)Anthony and Joe Russo
88%
Guardians of the Galaxy Vol. 3 (release in 2020)James Gunn
88%
Iron Man 2Jon Favreau
88%
Thor: RagnarokTaika Waititi
88%
ThorKenneth Branagh
76%
Black PantherRyan Coogler
72%
Iron Man 3Shane Black
72%
Ant-ManPeyton Reed
68%
Ant-Man and the WaspPeyton Reed
64%
Doctor StrangeScott Derrickson
64%
Spider-Man: HomecomingJon Watts
60%
Spider-Man: Homecoming sequel (untitled, release in 2019)Jon Watts
60%
The Incredible HulkLouis Leterrier
56%
Captain America: The First AvengerJoe Johnston
52%
Thor: The Dark WorldAlan Taylor
48%
Captain Marvel (release in 2019)Anna Boden and Ryan Fleck
40%

Score Distribution

Percentile by Number Answered

Percent of People with Each Score

Your Score History

You have not taken this quiz